BIBLIOTECA

SENCICO

Caftheld / (Registro nro. 4978)

Detalles MARC
000 -LEADER
fixed length control field 01316nam a22002897a 4500
003 - CONTROL NUMBER IDENTIFIER
control field PE SENCICO BE
005 - DATE AND TIME OF LATEST TRANSACTION
control field 20251020182707.0
008 - FIXED-LENGTH DATA ELEMENTS--GENERAL INFORMATION
fixed length control field 240304b |||||||| |||| 00| 0 eng d
040 ## - CATALOGING SOURCE
Original cataloging agency PE SENCICO BE
Transcribing agency PE SENCICO BE
041 ## - LANGUAGE CODE
Language code of text/sound track or separate title spa
084 ## - OTHER CLASSIFICATION NUMBER
Classification number I
-- DIS
-- 2008
Item number A35
100 1# - MAIN ENTRY--PERSONAL NAME
9 (RLIN) 2005
Personal name Alcántara Santa Cruz, Luis Alberto
Relator term autor
245 1# - TITLE STATEMENT
Title Caftheld /
Statement of responsibility, etc. Luis Alberto Alcántara Santa Cruz
260 ## - PUBLICATION, DISTRIBUTION, ETC.
Place of publication, distribution, etc. Lima :
Date of publication, distribution, etc. 2008
300 ## - PHYSICAL DESCRIPTION
Extent [70] h. :
Other physical details il. col., plans. ;
Dimensions 30 x 42 cm.
500 ## - GENERAL NOTE
General note "Cafthel es una fusión de los servicios de cafetería y heladería, este mercado abre los brazos a todo tipo de persona con distintas edades ...permitiendo así una mayor identificación en las personas con su nacionalidad."
502 ## - DISSERTATION NOTE
Dissertation note Monografía de Titulación.-- Servicio Nacional de Capacitación para la Industria de la Construcción. Escuela Superior Técnica. Carrera Profesional Técnica en Diseño de Interiores, 2008
650 10 - SUBJECT ADDED ENTRY--TOPICAL TERM
9 (RLIN) 44
Topical term or geographic name entry element Diseño de interiores
650 20 - SUBJECT ADDED ENTRY--TOPICAL TERM
9 (RLIN) 29
Topical term or geographic name entry element Cafeterías
650 20 - SUBJECT ADDED ENTRY--TOPICAL TERM
9 (RLIN) 2006
Topical term or geographic name entry element Heladerías
650 20 - SUBJECT ADDED ENTRY--TOPICAL TERM
9 (RLIN) 216
Topical term or geographic name entry element Edificaciones
650 20 - SUBJECT ADDED ENTRY--TOPICAL TERM
9 (RLIN) 940
Topical term or geographic name entry element Proyectos de edificaciones
650 20 - SUBJECT ADDED ENTRY--TOPICAL TERM
9 (RLIN) 615
Topical term or geographic name entry element Planos
710 1# - ADDED ENTRY--CORPORATE NAME
Corporate name or jurisdiction name as entry element Servicio Nacional de Capacitación para la Industria de la Construcción.
Subordinate unit Escuela Superior Técnica
9 (RLIN) 1065
910 ## - USER-OPTION DATA (OCLC)
-- hfp
-- hfp
942 ## - ADDED ENTRY ELEMENTS (KOHA)
Koha item type Monografía de Titulación
Existencias
Fecha de la última vez que lo usaron Número de ingreso o de inventario Pago total Signatura topográfica completa Código de barras Precio efectivo desde Tipo de documento Estado perdido Estado dañado No es para préstamo Retirado Ubicación permanente Ubicación actual Fecha de adquisición
04/03/2024 I-00528   I/DIS/2008/A35 BibLima24030008 04/03/2024 Monografía de Titulación         Biblioteca Central Lima Biblioteca Central Lima 04/03/2024